One hundred great texts and their treatment: (Record no. 11045)

000 -LEADER
fixed length control field 00800nam a2200205 a 4500
001 - CONTROL NUMBER
control field :::00008838$&:&@@
003 - CONTROL NUMBER IDENTIFIER
control field OkBaRHE
005 - DATE AND TIME OF LATEST TRANSACTION
control field 20000607103346.0
008 - FIXED-LENGTH DATA ELEMENTS--GENERAL INFORMATION
fixed length control field s1914 j 000 0 eng u
040 ## - CATALOGING SOURCE
Transcribing agency
100 1# - MAIN ENTRY--PERSONAL NAME
Personal name Barton, Frederick M.,
245 10 - TITLE STATEMENT
Title One hundred great texts and their treatment:
Remainder of title texts, illuminative comment by noted preachers and illustrative thoughts and incidents.
260 ## - PUBLICATION, DISTRIBUTION, ETC. (IMPRINT)
Place of publication, distribution, etc New York, NY., :
Name of publisher, distributor, etc Richard R. Smith
Date of publication, distribution, etc c1914
300 ## - PHYSICAL DESCRIPTION
Extent 502 p. ;
Dimensions 23 cm.
650 ## - SUBJECT ADDED ENTRY--TOPICAL TERM
Topical term or geographic name as entry element Evangelistic Addresses
650 ## - SUBJECT ADDED ENTRY--TOPICAL TERM
Topical term or geographic name as entry element Evangelistic Sermons
942 ## - ADDED ENTRY ELEMENTS (KOHA)
Source of classification or shelving scheme
Koha item type Books
Copies
Date acquired Withdrawn status Koha item type Barcode Price effective from Damaged status Date last seen Copy number Source of classification or shelving scheme Lost status Full call number Not for loan Permanent Location Shelving location
2010-04-14 Books88382010-04-14 2010-04-141  BV 3797 .A1B33 RHEMA Bible Training CollegeGeneral Stacks
2010-04-14 Books152212010-04-14 2010-04-142  BV 3797 .A1B33 RHEMA Bible Training CollegeGeneral Stacks